Statistiken für Länder, die den meisten Tabak produzieren

Klicken Sie hier um das Quiz zu spielen!

Allgemein

  • Dieses Quiz wurde 83 mal gespielt
  • Das Durchschnittsergebnis liegt bei 10 aus 20

Antwortstatistiken

1000 TonnenLand% Korrekt
285Vereinigte Staaten
97%
2806China
93%
676Brasilien
88%
761Indien
86%
196Indonesien
74%
94Argentinien
69%
61Thailand
65%
116Pakistan
61%
70Türkei
61%
88Bangladesch
47%
67Laos
43%
56Philippinen
43%
48Italien
30%
102Tansania
27%
93Mosambik
23%
125Sambia
22%
172Simbabwe
19%
31Uganda
19%
85Malawi
12%
83Nordkorea
12%

Verteilung der Resultate

Perzentil nach korrekt beantworteten Fragen

Anzahl Personen mit jedem Resultat

Ihre Resultats-Entwicklung

Sie haben dieses Quiz noch nicht gespielt